Olimpíada matemática ñandú : problemas 5 /

Guardado en:
Autor Principal: Seveso, Julia
Otros Autores: Ferrarini, Graciela
Formato: Libro
Publicado: Buenos Aires : Red Olímpica, 1997
Series:Pacha Mama
Materias:
Etiquetas: Agregar Etiqueta
Sin Etiquetas, Sea el primero en etiquetar este registro!
LEADER 00625nam a22002055a 4500
001 CEM.cems009978
005 20080627103316.0
008 130507s1997##################000#0#####d
003 CEMS
020 |a 9879072197 
082 0 4 |a 510 
100 1 |a Seveso, Julia 
245 1 0 |a Olimpíada matemática ñandú :  |b  problemas 5 /  |c Julia Seveso, Graciela Ferrarini 
260 |a Buenos Aires :  |b Red Olímpica,  |c 1997 
300 |a 142 p. 
490 0 |a Pacha Mama 
653 |a Olimpíadas matemáticas 
653 |a Matemática-olimpíada 
700 1 |a Ferrarini, Graciela 
859 |a CEMS  |b BIB. CEMS - 11 de abril  |h 510  |i Ol3  |p 20343.99  |t Ej.1  |v 5  |3 5